Political ecology : a critical introduction

Αποθηκεύτηκε σε:
Λεπτομέρειες βιβλιογραφικής εγγραφής
Κύριος συγγραφέας: Robbins, Paul 1967-
Μορφή: Βιβλίο
Γλώσσα:English
Δημοσίευση: Chichester, West Sussex; Malden, MA : Wiley-Blackwell, 2012
Έκδοση:2η έκδ.
Σειρά:Critical introductions to geography
Θέματα:
Ετικέτες: Προσθήκη ετικέτας
Δεν υπάρχουν, Καταχωρήστε ετικέτα πρώτοι!

MARC

LEADER 00000nam a2200000 i 4500
001 1/41998
008 140213s2012 eng d
020 |a 978-0-470-65732-4 
035 |l 10116669 
040 |a GR-MY-UA  |b gre  |e aacr 
041 0 |a eng 
082 0 |a 304.2  |2 (23) 
100 1 |a Robbins, Paul  |d 1967- 
245 1 0 |a Political ecology :  |b a critical introduction /  |c Paul Robbins 
250 |a 2η έκδ. 
260 |a Chichester, West Sussex; Malden, MA :   |b Wiley-Blackwell,   |c 2012 
300 |a ix, 288 σ.;  |c 24 εκ. 
490 1 |a Critical introductions to geography 
504 |a Περιλαμβάνει βιβλιογραφία και ευρετήριο 
650 0 0 |a Political ecology. 
830 0 |a Critical introductions to geography 
852 |a INST  |b LESVOS  |e 20140213  |h 304.2 ROB  |p 005100053620  |q 005100053620  |t BK  |y 0 
901 |a BIBL1-2014-1 
909 |a Λ  |b 179490 
922 |a 1ΕΛΗ  |b 201210  |c ΤΜΗΜΑ ΠΕΡΙΒΑΛΛΟΝΤΟΣ  |d ΙΩΑΝΝΙΔΟΥ 
970 |a ΤΖΑΦΕΡΗ  |b ΕΥΑΓΓΕΛΙΑ  |z 2014/02/13